000 01585nam a2200337 i 4500
001 768714001
003 CO-MdFUSB
005 20220622062538.0
007 ta
008 200602t2012 sp a|||| |||| 00| 0 spa d
020 _a9788432209574
040 _aCO-MdFUSB
_bspa
_cCO-MdFUSB
_dCO-MdFUSBC
_erda
041 _aspa
082 _223
_a839.81374
_bT274
100 _aTeller, Janne.
_eautor
245 _aVen :
_bse puede sobrevivir a lo que los demás te hacen, no a lo que tú le haces a los demás.
_c/ Janne Teller; Carmen Freixanet
264 1 _aEspaña .
_bPlaneta,
_c[2012]
264 4 _c© 2012
300 _a159 páginas
_c; 23 cm
336 _2rdacontent
_atexto
_btxt
337 _2rdamedia
_asin mediación
_bn
338 _2rdacarrier
_avolumen
_bnc
520 _aUna noche de invierno, mientras la nieve cae sobre la ciudad, un editor está revisando una novela que está a punto de mandar a la imprenta. Se trata de un libro de enorme venta de un autor importante. Cuando una antigua amiga aparece en su oficina para contarle que el libro está basado en un hecho real del que fue víctima durante su estancia en África como delegada de las Naciones Unidas, el editor se enfrenta a un dilema: ¿Debe publicar la novela y asumir las funestas consecuencias personales y políticas que tendría hacerlo? ¿O debe resignarse a anular el lanzamiento millonario?
563 _aRústico
653 _aNovela psicológica
653 _aLiteratura danesa.
653 _aNovela danesa.
700 _aFreixanet, Carmen,
_eautor
_94123
942 _cBK
945 _aJTF-925
999 _c66003
_d66003